Urban Drainage and storage Practices . (Record no. 609102)

000 -LEADER
fixed length control field 00253nam a22001097a 4500
040 ## - CATALOGING SOURCE
Transcribing agency nust
082 ## - DEWEY DECIMAL CLASSIFICATION NUMBER
Classification number 628.212
Author Mark GUO
100 ## - MAIN ENTRY--PERSONAL NAME
Personal name James C.Y Guo
9 (RLIN) 122651
245 ## - TITLE STATEMENT
Title Urban Drainage and storage Practices .
300 ## - PHYSICAL DESCRIPTION
Extent 416,p;
Dimensions 25cm
942 ## - ADDED ENTRY ELEMENTS (KOHA)
Source of classification or shelving scheme
Koha item type Book
Holdings
Withdrawn status Lost status Source of classification or shelving scheme Damaged status Not for loan Permanent Location Current Location Date acquired Total Checkouts Full call number Barcode Date last seen Price effective from Koha item type
          School of Civil and Environmental Engineering (SCEE) School of Civil and Environmental Engineering (SCEE) 05/14/2024   628.212 GUO NIT-13736 05/14/2024 05/14/2024 Book
© 2023 Central Library, National University of Sciences and Technology. All Rights Reserved.